La preparación física
محفوظ في:
| المؤلفون الرئيسيون: | , |
|---|---|
| التنسيق: | كتاب |
| اللغة: | الإسبانية |
| منشور في: |
Barcelona
Paidotribo
2007
|
| الطبعة: | 4a. ed |
| سلاسل: | Colección Deporte y Entrenamiento
|
| الموضوعات: | |
| الوسوم: |
إضافة وسم
لا توجد وسوم, كن أول من يضع وسما على هذه التسجيلة!
|
MARC
| LEADER | 00000nam a2200000 a 4500 | ||
|---|---|---|---|
| 001 | UCG3225 | ||
| 003 | CL-VaPUC | ||
| 008 | 100819e20070000SP |||||||||||||||||spa|d | ||
| 020 | |a 9788480190035 | ||
| 082 | 0 | 4 | |a 613.711 |b NIK |2 21 |
| 100 | |a Platonov, Vladimir Nikolaievich |e autor |9 430552 | ||
| 700 | 0 | |a Mijailovna Bulatova, Marina |e author |9 552173 | |
| 245 | 1 | 3 | |a La preparación física |
| 250 | |a 4a. ed | ||
| 300 | |a 407 p | ||
| 942 | |c BK | ||
| 945 | |d 20100819 00:00:00 |a mfarfan | ||
| 260 | |a Barcelona |b Paidotribo |c 2007 | ||
| 650 | 0 | |a Actividad física |9 362156 | |
| 650 | 7 | |a ENTRENAMIENTO |2 CL-VaPUC |9 311762 | |
| 650 | 0 | |a Aptitud física |9 373835 | |
| 650 | 0 | |a Coordinación |9 381415 | |
| 650 | 7 | |a RESISTENCIA |2 CL-VaPUC |9 355262 | |
| 650 | 7 | |a FLEXIBILIDAD |2 CL-VaPUC |9 552174 | |
| 650 | 7 | |a ENTRENAMIENTO FISICO |2 CL-VaPUC |9 307393 | |
| 583 | |a last modification |c 20100819 00:00:00 |k Rodrigo Vera | ||
| 490 | 0 | |a Colección Deporte y Entrenamiento | |
| 999 | |c 342296 |d 342294 | ||
| 952 | |0 0 |1 0 |4 0 |6 613_711000000000000_NIK_2007 |7 0 |8 C |9 438434 |a BIBCUR |b BIBCUR |d 2019-11-22 |i 4709128 |o 613.711 NIK 2007 |p 4709128 |r 2025-04-22 |w 2019-11-22 |y BK |k DEN | ||
| 952 | |0 0 |1 0 |4 0 |6 613_711000000000000_NIK_2007 |7 0 |8 A |9 438435 |a BIBEDU |b BIBEDU |d 2019-11-22 |i 4719743 |o 613.711 NIK 2007 |p 4719743 |r 2019-11-22 |w 2019-11-22 |y BK |k EFI | ||
| 952 | |0 0 |1 0 |4 0 |6 613_711000000000000_NIK_2007 |7 0 |8 A |9 438436 |a BIBEDU |b BIBEDU |d 2019-11-22 |i 4719751 |o 613.711 NIK 2007 |p 4719751 |r 2019-11-22 |w 2019-11-22 |y BK |k EFI | ||